| 000 | 00800nam a2200181 i 4500 | ||
|---|---|---|---|
| 001 | 157221 | ||
| 003 | ES-MaACL | ||
| 005 | 20250809025221.0 | ||
| 008 | 991028s1898 cu |||| | spa d | ||
| 100 | 1 |
_aLastres y Juiz, Francisco, _d1848-1918 _970504 |
|
| 245 | 1 | 3 |
_aLa reserva española en derecho internacional privado _b: dictamen emitido / _cpor Francisco Lastres y Juiz. |
| 260 |
_aLa Habana : _b[s.n.], _c1898 ( _fImp. y Papelería "La Universal" de Ruiz y Hermano) |
||
| 300 |
_a12 p. ; _c23 cm. |
||
| 500 | _aPublicado en la "Revista del Foro", año 8, n. 7. | ||
| 650 | 7 |
_aDerecho internacional privado _2embne _911721 |
|
| 852 |
_aES-MaACL _jT-796-F-7 _z- Enc. hol., conservando la enc. original _z. - Dedicatoria autógrafa del autor _z- Enc. en un vol. facticio |
||
| 999 |
_c157221 _d157221 |
||